| 000 | 00905 a2200253 4500 | ||
|---|---|---|---|
| 999 |
_c2358 _d2358 |
||
| 020 | _a9780199540815 (hardback : alk. paper) | ||
| 020 | _a0199540810 (hardback : alk. paper) | ||
| 050 | 0 | 0 | _aHV6250.25 FAR 2009 |
| 100 | 1 | _aFarrall, Stephen. | |
| 245 | 1 | 0 |
_aSocial order and the fear of crime in contemporary times / _cStephen Farrall, Jonathan Jackson, Emily Gray. |
| 264 |
_aNew York _bOxford University Press _c2009 |
||
| 300 | _axviii, 319 p. ; | ||
| 440 | 0 | _aClarendon studies in criminology | |
| 500 | _aSocial Order | ||
| 504 | _aIncludes bibliographical references and index. | ||
| 650 | 0 | _aFear of crime. | |
| 650 | 0 |
_aCrime _xSociological aspects. |
|
| 650 | 0 | _aSociological jurisprudence. | |
| 650 | 0 | _aSocial psychology. | |
| 700 | 1 |
_aJackson, Jonathan, _d1974- |
|
| 700 | 1 | _aGray, Emily. | |
| 942 |
_2lcc _cBK _h6250.25 _iFAR _kHV |
||